000 00715nam a2200241 a 4500
001 16997
003 BD-RjUL
005 20211209000056.0
008 140216t1947 nyu 001 0 eng d
035 _a(BD-RjUL)17054
040 _aDZM
_dEQO
_dBD-RjUL
_beng
_cBD-RjUL
041 _aeng
082 0 0 _a674
_bBRL 1947
100 1 _aBrown, Nelson Courtlandt,
_d1885-
_952440
245 1 0 _aLumber :
_bmanufacture, conditioning, grading, distribution, and use /
_cby Nelson courtlandt brown.
260 _aNew York :
_bJ. Wiley,
_cc1947.
300 _axv, 344 p. :
_bill. ;
_c22 cm.
504 _aincludes index.
650 0 _aLumbering.
_952441
650 0 _aLumber.
_952306
942 _2ddc
_cBK
999 _c16997
_d16997